|
|
|
|
| LEADER |
00642nta a2200193 i 4500 |
| 001 |
dipl143683 |
| 005 |
20250402094518.0 |
| 008 |
241213s2006 hu om 000 hun d |
| 040 |
|
|
|a SZTE Diploma Repozitórium
|b hun
|
| 041 |
|
|
|a hun
|
| 100 |
1 |
|
|a Orosz Kornél
|
| 245 |
1 |
2 |
|a A felvidéki várak szerepe az Árpád-korban
|h [elektronikus dokumentum] /
|c Kornél Orosz
|
| 260 |
|
|
|c 2006
|
| 650 |
|
4 |
|a Bölcsészettudományok
|
| 650 |
|
4 |
|a History and archaeology
|
| 650 |
|
4 |
|a History
|
| 650 |
|
4 |
|a Medieval history
|
| 700 |
0 |
1 |
|a Sebők Ferenc
|e ths
|
| 856 |
4 |
0 |
|u https://diploma.bibl.u-szeged.hu/id/eprint/143683/1/2006_orosz_kornel_2.pdf
|z Dokumentum-elérés
|